| 000 | 00470nam a22001457a 4500 | ||
|---|---|---|---|
| 082 | _aBIT-12 BIL | ||
| 100 |
_aMuhammad Bilal Khan _926852 |
||
| 245 | _aShadow Quest | ||
| 260 |
_aIslamabad _bNUST-SEECS _c2014 |
||
| 300 |
_a35 _b25cm _eCD ROM |
||
| 500 | _aSupervisors: Dr. Muhammad Muddassir Malik, Mr. Shamyl Bin Mansoor | ||
| 700 |
_aMuhammad Nauman Imtiaz, Muhammad Usman _993131 |
||
| 856 | _uhttp://10.250.8.41:8080/xmlui/handle/123456789/11740 | ||
| 942 |
_cPR _2ddc |
||
| 999 |
_c489784 _d489784 |
||